000 01075nam a22002177a 4500
005 20210325180914.0
008 s2544 th tha d
020 _a9742310793
041 _atha
050 _aHD62.15 ส875ก 2544
100 0 _aสุวรรณี แสงมหาชัย
245 1 0 _aการจัดการเพื่อพัฒนาคุณภาพรวมขององค์การ : แนวคิดและกระบวนการในการนำไปปฏิบัติ [2nd]
260 3 _aกรุงเทพฯ :
_bโครงการเอกสารและตำรา สมาคมรัฐประศาสนศาสตร์ สถาบันบัณฑิตพัฒนบริหารศาสตร์,
_c2544
300 _a77 หน้า ;
_b 26 ซม.
650 0 4 _aการบริหารคุณภาพโดยรวม
650 0 4 _aการจัดการ
850 _aNALT
942 _cGB
_02
997 _c000000000010517
998 _aBENJALUCK
999 _c10517
_d10517